| 000 | 00817nas a2200253 4500 | ||
|---|---|---|---|
| 001 | BR2016004877 | ||
| 003 | BR-BrBNA | ||
| 005 | 20231205130756.0 | ||
| 007 | ta | ||
| 008 | 230509b bl.|||p| |||| 00| 00por d | ||
| 040 |
_aBR-BrBNA _bpor _cBiblioteca Nacional de Agricultura |
||
| 041 | _a(En) | ||
| 072 | _aM40 | ||
| 100 | 1 | _aOliveira, O.M.P. | |
| 100 | 1 | _aMarques, A.C. | |
| 245 | 1 | _aPopulation biology of Eudendrium caraiuru (Cnidaria, Anthoathecata, Eudendriidae)from São Sebastião Channel, southeastern Brazil | |
| 650 | _aALGA MARINHA | ||
| 650 | _aCORAL | ||
| 650 | _aBIOLOGIA AQUÁTICA | ||
| 650 | _aECOLOGIA AQUÁTICA | ||
| 773 | 0 |
_tIheringia - Série Zoologia (Brazil) _xISSN 0073-4721 _g, v. 95(3) p. 241-246 _wBR2016004877 |
|
| 909 |
_a202311 _bLúcia _c55 _dLúcia Elande |
||
| 942 |
_2AGRIS _n0 _cANA |
||
| 999 |
_c251155 _d251155 |
||